[Event "Bohumin op 4th"]
[Site "Bohumin"]
[Date "2021.07.10"]
[Round "8"]
[White "Figa, Karolina"]
[Black "Kristl, Matej"]
[Result "0-1"]
[WhiteElo "1243"]
[BlackElo "1183"]
[PlyCount "110"]
[EventDate "2021.07.03"]
[EventType "swiss"]
[EventRounds "9"]
[EventCountry "CZE"]
[SourceTitle "CBM 203 Extra"]
[Source "ChessBase"]
[SourceDate "2021.09.30"]
[SourceVersion "1"]
[SourceVersionDate "2021.09.30"]
[SourceQuality "1"]

1. d4 Nf6 2. c4 g6 3. Nc3 d5 4. cxd5 Nxd5 5. e4 Nxc3 6. bxc3 Bg7 7. Nf3 c5 8. Rb1 Qa5 9. Bb5+ Bd7 10. Bxd7+ Nxd7 11. Qd2 cxd4 12. cxd4 Qxd2+ 13. Bxd2 b6 14. Ke2 0-0 15. Bb4 Rfc8 16. Rbc1 Nf6 17. Nd2 Kf8 18. f3 Bh6 19. Rhd1 Ke8 20. g4 a5 21. Ba3 b5 22. h4 Bxd2 23. Kxd2 Kd7 24. Ke3 Ne8 25. f4 Nd6 26. Bxd6 Kxd6 27. d5 f6 28. Kd4 b4 29. e5+ Kd7 30. f5 gxf5 31. gxf5 fxe5+ 32. Kxe5 a4 33. Rb1 Rab8 34. Rd4 Rc2 35. Rbxb4 Rxb4 36. Rxb4 Re2+ 37. Kd4 Rxa2 38. Rb7+ Ke8 39. Kc4 Rh2 40. Rb8+ Kf7 41. Kc5 Rxh4 42. d6 exd6+ 43. Kxd6 Rh6+ 44. Ke5 Ra6 45. Rb7+ Kg8 46. Rb2 a3 47. Ra2 Kf7 48. f6 Ra5+ 49. Ke4 Kxf6 50. Kf4 Ra4+ 51. Kf3 h5 52. Ke3 Kg5 53. Kf2 Kg4 54. Kg2 h4 55. Kg1 Kf3 0-1

[Event "Bohumin op 4th"]
[Site "Bohumin"]
[Date "2021.07.07"]
[Round "5"]
[White "Kristl, Matej"]
[Black "Rychtecky, Pavel"]
[Result "1-0"]
[WhiteElo "1183"]
[BlackElo "1582"]
[PlyCount "118"]
[EventDate "2021.07.03"]
[EventType "swiss"]
[EventRounds "9"]
[EventCountry "CZE"]
[SourceTitle "CBM 203 Extra"]
[Source "ChessBase"]
[SourceDate "2021.09.30"]
[SourceVersion "1"]
[SourceVersionDate "2021.09.30"]
[SourceQuality "1"]

1. c4 e5 2. Nc3 Nf6 3. Nf3 d6 4. g3 c6 5. Bg2 Nbd7 6. 0-0 Be7 7. d3 0-0 8. Rb1 Qc7 9. Bg5 h6 10. Bxf6 Nxf6 11. b4 b6 12. b5 Bb7 13. bxc6 Bxc6 14. Nb5 Qb7 15. Ne1 a6 16. Nc3 Rab8 17. Qb3 Rfc8 18. a4 Bxg2 19. Nxg2 Rc7 20. e4 Nd7 21. Nd5 Nc5 22. Qa3 Rc6 23. Rb4 Bd8 24. Rfb1 Qa7 25. Nge3 g6 26. f3 Kg7 27. Nc2 Ne6 28. Kg2 a5 29. Rb5 Nc7 30. Nxc7 Bxc7 31. Ne3 Rc5 32. Nd5 Bd8 33. Qb3 Rc6 34. Qb2 f6 35. Qc3 Rbc8 36. Qd2 Qf7 37. Nxb6 Rxb6 38. Rxb6 Bxb6 39. Rxb6 Qc7 40. Rb5 Ra8 41. Qb2 Ra7 42. Qc3 g5 43. g4 Kg6 44. d4 Ra8 45. d5 Rc8 46. Rxa5 Qxc4 47. Qxc4 Rxc4 48. Ra6 Rc2+ 49. Kg3 Ra2 50. h4 gxh4+ 51. Kxh4 Rh2+ 52. Kg3 Ra2 53. Ra8 Ra1 54. a5 Ra2 55. a6 Ra1 56. a7 Kg7 57. Kf2 Ra3 58. Ke2 Kf7 59. Rh8 Kg7 1-0